WHERE WAS YOU - Travis Scott feat. Future, Playboi Carti (Full lyrics) - Statistics

General Stats
  • This quiz has been taken 20 times
  • The average score is 349 of 702
Answer Stats
Lyrics % Correct
a
93%
from
93%
I
93%
bottom,
86%
the
86%
you
86%
ho,
79%
ho
79%
started
79%
Started
79%
Fuck
71%
fuck
71%
me
71%
me,
71%
me?
71%
my
71%
no
71%
on
71%
she
71%
She
71%
Eighteen
64%
in
64%
Mexico
64%
Navy
64%
not
64%
Switch
64%
they
64%
to
64%
Yeah,
64%
all
57%
All
57%
Aventador
57%
bitch,
57%
black
57%
'bout
57%
bro
57%
Can
57%
can
57%
chain
57%
for
57%
he
57%
He
57%
one-eighty
57%
Put
57%
put
57%
shady
57%
spin
57%
Talkin'
57%
this
57%
up
57%
was
57%
we
57%
and
50%
baby?
50%
Cactus,
50%
cold
50%
deeper
50%
drive
50%
eat
50%
Flexin',
50%
fuckin'
50%
go
50%
good,
50%
I'm
50%
killin'
50%
never
50%
nothin'
50%
than
50%
told,
50%
wanna
50%
week,
50%
when
50%
When
50%
Where
50%
been
43%
call
43%
'cause
43%
Double-0,
43%
Flight
43%
hoes
43%
hoes,
43%
is
43%
it
43%
it,
43%
jet
43%
jet,
43%
LA
43%
nigga
43%
of
43%
phone
43%
Shawty
43%
shit
43%
shorty
43%
squad
43%
ten
43%
textin'
43%
these
43%
two,
43%
bone,
36%
booked,
36%
brown
36%
buddy
36%
Bunch
36%
cadet,
36%
catch
36%
check
36%
check,
36%
chose
36%
damn
36%
done
36%
'em
36%
floor
36%
Force
36%
gave
36%
get
36%
got
36%
Got
36%
have
36%
her
36%
low?
36%
low
36%
met
36%
Mo
36%
mud,
36%
mud
36%
near
36%
parole
36%
Phase
36%
rich
36%
road
36%
space
36%
Stop
36%
sure
36%
takin'
36%
took
36%
tryna
36%
with
36%
ain't
29%
Ain't
29%
Air
29%
another
29%
around
29%
back
29%
ball
29%
best
29%
big
29%
busy
29%
but
29%
But
29%
came
29%
code
29%
drives
29%
even
29%
first,
29%
free
29%
friend,
29%
game,
29%
give
29%
gon'
29%
had
29%
hard
29%
Hov?
29%
it's
29%
Jetson
29%
later,
29%
like
29%
lil'
29%
lock,
29%
mall
29%
meet
29%
Mercedes
29%
miss
29%
more?
29%
niggas,
29%
or
29%
Out
29%
out
29%
raw,
29%
rockstar
29%
shoppin',
29%
sister,
29%
stretched
29%
swapped
29%
that
29%
there
29%
through,
29%
years
29%
Ask
21%
Bizzy,
21%
Bugatti
21%
Crush
21%
didn't
21%
dough
21%
Dozie
21%
European
21%
Finessin',
21%
flood
21%
Fly
21%
Francis
21%
gold?
21%
Greece
21%
home
21%
house,
21%
huh,
21%
huh
21%
I'ma
21%
Jugg
21%
King
21%
lemon
21%
lesbian,
21%
live
21%
long
21%
low-key
21%
make
21%
meetings
21%
middle
21%
model
21%
money
21%
New
21%
niece
21%
note,
21%
now
21%
off
21%
off?
21%
Ooh,
21%
ooh
21%
overseas
21%
Party
21%
peace
21%
pink
21%
planet
21%
Pourin'
21%
really
21%
rent
21%
Rovers
21%
sea
21%
South
21%
Texas,
21%
topped
21%
Trav,
21%
Tuss',
21%
vibes
21%
way
21%
went
21%
York
21%
Zona
21%
after
14%
Baguetties,
14%
car,
14%
club,
14%
designed
14%
don't
14%
Drinkin'
14%
fell
14%
Goin'
14%
Greyhound
14%
his
14%
I'll
14%
just
14%
love
14%
Monaco,
14%
needed
14%
outta
14%
regular
14%
still
14%
uh
14%
wedding
14%
won't
14%
if
7%
No matching quizzes found
Score Distribution
Percent of People with Each Score
Percentile by Number Answered
Your Score History
You have not taken this quiz